[Event "Niedersachsen-ch op-B"]
[Site "Verden an der Aller"]
[Date "2020.01.04"]
[Round "5"]
[White "Nordhorn, Horst"]
[Black "Szymanski, Andreas"]
[Result "1-0"]
[WhiteElo "1686"]
[BlackElo "1431"]
[PlyCount "109"]
[EventDate "2020.01.02"]
[EventType "swiss"]
[EventRounds "7"]
[EventCountry "GER"]
[SourceTitle "EXT 2023"]
[Source "ChessBase"]
[SourceDate "2022.10.05"]
[SourceVersion "1"]
[SourceVersionDate "2022.10.05"]
[SourceQuality "1"]

1. b4 e5 2. Bb2 d6 3. g3 g6 4. Bg2 Bg7 5. c4 Nf6 6. d3 0-0 7. Nf3 a6 8. Nbd2 Nc6 9. b5 axb5 10. cxb5 Ne7 11. a4 Nd7 12. 0-0 f5 13. Qb3+ Kh8 14. Ng5 Qe8 15. Ne6 Nc5 16. Nxc5 dxc5 17. a5 Ra7 18. Rfc1 b6 19. a6 Bd7 20. Nc4 Nc8 21. Na3 c6 22. bxc6 Bxc6 23. Bxc6 Qxc6 24. Nb5 Ra8 25. Bc3 Nd6 26. Nxd6 Qxd6 27. Qb5 Bf6 28. Rcb1 Bd8 29. f4 Kg8 30. Bxe5 Qe6 31. Qc4 Kf7 32. a7 Ke7 33. Qxe6+ Kxe6 34. Bb8 Kd5 35. e3 Rf7 36. Kf2 Kc6 37. Ra6 Rb7 38. Kf3 Bc7 39. Bxc7 Kxc7 40. Rba1 Kd6 41. e4 h6 42. h3 Kc6 43. g4 Rd7 44. Ke3 Kb7 45. R6a4 fxe4 46. dxe4 Kc6 47. e5 Rdd8 48. f5 gxf5 49. gxf5 Rd5 50. Ke4 Rd2 51. f6 Re2+ 52. Kf4 Rf2+ 53. Ke4 Re2+ 54. Kf5 Kb7 55. f7 1-0

[Event "Hannover Bezirks-ch C"]
[Site "Lehrte"]
[Date "2019.10.06"]
[Round "7.2"]
[White "Szymanski, Andreas"]
[Black "Tenninger, Joerg"]
[Result "1/2-1/2"]
[WhiteElo "1393"]
[BlackElo "1471"]
[PlyCount "100"]
[EventDate "2019.10.03"]
[EventType "swiss"]
[EventRounds "7"]
[EventCountry "GER"]
[SourceTitle "EXT 2023"]
[Source "ChessBase"]
[SourceDate "2022.10.05"]
[SourceVersion "1"]
[SourceVersionDate "2022.10.05"]
[SourceQuality "1"]

1. e4 e6 2. Nf3 d5 3. Nc3 Nf6 4. e5 Nfd7 5. d4 c5 6. dxc5 Bxc5 7. Bd3 Nc6 8. Bf4 a6 9. 0-0 Nd4 10. a3 Qc7 11. Re1 b5 12. Kf1 Bb7 13. g4 Rb8 14. h4 Nxf3 15. Qxf3 Bd4 16. Qg3 Bxc3 17. bxc3 Qxc3 18. h5 Qc6 19. f3 Nc5 20. Rec1 Na4 21. Re1 Qc3 22. Qf2 Qc5 23. Be3 Qc6 24. Bd4 Rc8 25. Kg2 Nc5 26. Bf1 Rc7 27. Kh3 Kd7 28. Re3 Na4 29. Bd3 Nb6 30. f4 Nc4 31. Re2 Kc8 32. Kg3 Qd7 33. f5 Kb8 34. f6 g6 35. hxg6 hxg6 36. Qf3 Qe8 37. Rf2 Qf8 38. Rh1 Rxh1 39. Qxh1 Nxa3 40. Qh7 Bc6 41. Rh2 Rc8 42. Bxg6 Be8 43. Bd3 Qb4 44. c3 Rxc3 45. Bxc3 Qxc3 46. Rf2 Qxe5+ 47. Rf4 Qe1+ 48. Rf2 Kc7 49. Qg8 Qe5+ 50. Rf4 Qe1+ 1/2-1/2

[Event "Hannover Bezirks-ch C"]
[Site "Lehrte"]
[Date "2019.10.05"]
[Round "5.2"]
[White "Bartel, Reinhard"]
[Black "Szymanski, Andreas"]
[Result "1-0"]
[WhiteElo "1486"]
[BlackElo "1393"]
[PlyCount "98"]
[EventDate "2019.10.03"]
[EventType "swiss"]
[EventRounds "7"]
[EventCountry "GER"]
[SourceTitle "EXT 2023"]
[Source "ChessBase"]
[SourceDate "2022.10.05"]
[SourceVersion "1"]
[SourceVersionDate "2022.10.05"]
[SourceQuality "1"]

1. d4 Nf6 2. c4 g6 3. Nc3 Bg7 4. Nf3 0-0 5. e4 d6 6. Be2 Nc6 7. d5 Nb8 8. 0-0 e5 9. Bg5 h6 10. Be3 Ng4 11. Bd2 f5 12. h3 Nf6 13. exf5 gxf5 14. Qc1 Kh7 15. Kh2 Nbd7 16. g3 e4 17. Nh4 Ne5 18. f4 Ng6 19. Ng2 Bd7 20. Qd1 Be8 21. Ne3 Ne7 22. Rg1 Bg6 23. Rg2 a6 24. Qc2 h5 25. Rh1 Bh6 26. Ned1 c6 27. dxc6 bxc6 28. Nf2 d5 29. cxd5 cxd5 30. Rd1 d4 31. Be3 Nc6 32. Qa4 Be8 33. Bxd4 Nxd4 34. Qxd4 Qb8 35. b3 Bg7 36. Qc5 Nd7 37. Qc6 Ra7 38. Nd5 Nf6 39. Nxf6+ Rxf6 40. Qc2 Bc6 41. Rgg1 Kh6 42. h4 Bf8 43. Nh3 a5 44. Rd4 Rc7 45. Qd1 Bc5 46. Rd8 Bxg1+ 47. Nxg1 Qb7 48. Qd4 Rff7 49. Rh8+ Kg6 1-0

[Event "Hannover Bezirks-ch C"]
[Site "Lehrte"]
[Date "2019.10.04"]
[Round "4.1"]
[White "Arban, Jens"]
[Black "Szymanski, Andreas"]
[Result "1-0"]
[WhiteElo "1462"]
[BlackElo "1393"]
[PlyCount "49"]
[EventDate "2019.10.03"]
[EventType "swiss"]
[EventRounds "7"]
[EventCountry "GER"]
[SourceTitle "EXT 2023"]
[Source "ChessBase"]
[SourceDate "2022.10.05"]
[SourceVersion "1"]
[SourceVersionDate "2022.10.05"]
[SourceQuality "1"]

1. d4 Nf6 2. c4 g6 3. Nc3 Bg7 4. Bf4 0-0 5. Nf3 h6 6. e3 d6 7. Be2 Nbd7 8. h3 Nh5 9. Bh2 f5 10. Qc2 Kh7 11. Bd3 Qe8 12. Nd5 Qd8 13. g4 fxg4 14. Bxg6+ Kh8 15. hxg4 Nhf6 16. g5 Nxd5 17. gxh6 Bxh6 18. Be5+ N5f6 19. Rxh6+ Kg8 20. Bh7+ Kf7 21. Qg6+ Ke6 22. Qf5+ Kf7 23. Ng5+ Ke8 24. Bg6+ Rf7 25. Rh8+ 1-0

[Event "Langenhagen-ch op"]
[Site "Langenhagen"]
[Date "2019.08.31"]
[Round "5"]
[White "Szymanski, Andreas"]
[Black "Braun, Alexander"]
[Result "0-1"]
[WhiteElo "1309"]
[BlackElo "1704"]
[PlyCount "30"]
[EventDate "2019.05.25"]
[EventType "swiss"]
[EventRounds "7"]
[EventCountry "GER"]
[SourceTitle "EXT 2023"]
[Source "ChessBase"]
[SourceDate "2022.10.05"]
[SourceVersion "1"]
[SourceVersionDate "2022.10.05"]
[SourceQuality "1"]

1. e4 e5 2. Nf3 d5 3. exd5 Bd6 4. c4 c6 5. Nc3 Nf6 6. dxc6 Nxc6 7. d4 e4 8. Ng5 Bf5 9. Qa4 Kf8 10. d5 Nd4 11. b4 Bxb4 12. Bd2 e3 13. fxe3 Nc2+ 14. Kf2 Ng4+ 15. Kg3 Qxg5 0-1

[Event "Hannover Bezirks op"]
[Site "Hannover"]
[Date "2019.02.16"]
[Round "2.11"]
[White "Mumm, Karen"]
[Black "Szymanski, Andreas"]
[Result "1/2-1/2"]
[WhiteElo "1668"]
[BlackElo "1431"]
[PlyCount "113"]
[EventDate "2019.01.19"]
[EventType "swiss"]
[EventRounds "7"]
[EventCountry "GER"]
[SourceTitle "EXT 2023"]
[Source "ChessBase"]
[SourceDate "2022.10.05"]
[SourceVersion "1"]
[SourceVersionDate "2022.10.05"]
[SourceQuality "1"]

1. e4 c5 2. Nf3 e6 3. d4 cxd4 4. Nxd4 Nf6 5. Nd2 Nc6 6. c3 d5 7. Nxc6 bxc6 8. e5 Nd7 9. Nf3 Be7 10. Bd3 a5 11. a4 Ba6 12. 0-0 f6 13. Re1 fxe5 14. Nxe5 Nxe5 15. Rxe5 Bxd3 16. Qxd3 Qd7 17. Qh3 0-0 18. Qxe6+ Qxe6 19. Rxe6 Bc5 20. Be3 Bxe3 21. Rxe3 Rfe8 22. Rae1 Rxe3 23. Rxe3 Kf7 24. f4 Rb8 25. Re2 Kf6 26. g4 g5 27. f5 Kf7 28. Kf2 d4 29. Rd2 dxc3 30. bxc3 Rb3 31. Rd7+ Kg8 32. Ra7 Rxc3 33. Rxa5 Rc2+ 34. Ke3 Rxh2 35. Rc5 Rh3+ 36. Ke4 h5 37. Rxc6 hxg4 38. Rg6+ Kf7 39. Rxg5 Ra3 40. Rxg4 Rxa4+ 41. Kf3 Ra3+ 42. Kf4 Ra4+ 43. Kg5 Ra5 44. Rb4 Ra7 45. Rb6 Rd7 46. Rh6 Rd8 47. Rh7+ Kg8 48. Re7 Rd5 49. Kg6 Kf8 50. f6 Rd3 51. Ra7 Rg3+ 52. Kf5 Rf3+ 53. Ke5 Re3+ 54. Kf4 Re1 55. Kf5 Rf1+ 56. Ke6 Re1+ 57. Kf5 1/2-1/2

[Event "Hannover Bezirk-ch C"]
[Site "Hannover"]
[Date "2018.10.05"]
[Round "3.6"]
[White "Szymanski, Andreas"]
[Black "Tenninger, Joerg"]
[Result "0-1"]
[WhiteElo "1431"]
[BlackElo "1572"]
[PlyCount "84"]
[EventDate "2018.10.04"]
[EventType "swiss"]
[EventRounds "7"]
[EventCountry "GER"]
[SourceTitle "EXT 2022"]
[Source "ChessBase"]
[SourceDate "2021.10.06"]
[SourceVersion "1"]
[SourceVersionDate "2021.10.06"]
[SourceQuality "1"]

1. e4 e6 2. Nf3 c5 3. c3 Nc6 4. Bb5 Qb6 5. Bxc6 Qxc6 6. d3 d5 7. e5 Ne7 8. d4 Ng6 9. 0-0 b6 10. Nbd2 Bb7 11. Re1 Be7 12. Nf1 0-0 13. a3 Rac8 14. Bg5 Rfe8 15. Rc1 h6 16. Be3 a5 17. Qd2 Ba6 18. Ng3 Bf8 19. Nh5 Re7 20. h3 Qb5 21. Rcd1 Rec7 22. Nh2 cxd4 23. Bxd4 Nh4 24. g4 Bc5 25. Bxc5 Qxc5 26. Re3 Bb7 27. Qd4 Qb5 28. b4 Rc4 29. Qd2 Qc6 30. f3 axb4 31. Qe1 g5 32. Nf6+ Kg7 33. cxb4 Rc2 34. Rd2 Rc1 35. Rd1 Qc2 36. Nh5+ Kf8 37. Re2 Qxd1 38. Qxd1 Rxd1+ 39. Kf2 Ba6 40. Rb2 Rh1 41. Kg3 Rg1+ 42. Kf2 Rg2+ 0-1

[Event "Hannover Bezirks op"]
[Site "Hannover"]
[Date "2018.04.21"]
[Round "6.8"]
[White "Bartel, Reinhard"]
[Black "Szymanski, Andreas"]
[Result "1-0"]
[WhiteElo "1636"]
[BlackElo "1381"]
[PlyCount "111"]
[EventDate "2018.01.27"]
[EventType "swiss"]
[EventRounds "7"]
[EventCountry "GER"]
[SourceTitle "EXT 2022"]
[Source "ChessBase"]
[SourceDate "2021.10.06"]
[SourceVersion "1"]
[SourceVersionDate "2021.10.06"]
[SourceQuality "1"]

1. e4 c5 2. Nf3 e6 3. d4 cxd4 4. Nxd4 Nf6 5. Bd3 Nc6 6. Nb3 d5 7. exd5 Nxd5 8. a3 g6 9. c4 Nb6 10. Bf4 Bg7 11. Nc3 0-0 12. Qc2 e5 13. Be3 Be6 14. Bxb6 Qxb6 15. Na4 Qc7 16. Nac5 Bc8 17. 0-0 b6 18. Ne4 Bb7 19. Rae1 h6 20. f3 f5 21. Nc3 h5 22. Nd5 Qf7 23. Rd1 Kh8 24. Be2 Ne7 25. Nc7 Rac8 26. Nb5 Qf6 27. Rd6 Qg5 28. Nxa7 Rcd8 29. Rfd1 Rxd6 30. Rxd6 e4 31. Qd2 e3 32. Qe1 f4 33. h4 Qe5 34. Rxb6 Ba8 35. Rb5 Qxb2 36. Qd1 Nf5 37. Nc5 Qxa3 38. Ne6 Qxa7 39. Nxf8 Bxf8 40. Qd8 Qa1+ 41. Kh2 Kg8 42. Rb8 Qa3 43. Rxa8 Qe7 44. Qxe7 Nxe7 45. c5 Kg7 46. Bb5 Nf5 47. c6 Bd6 48. Ra7+ Ne7 49. Rxe7+ Bxe7 50. c7 Bxh4 51. c8Q Bg3+ 52. Kg1 Kh6 53. Bd3 Kg5 54. Qd8+ Kh6 55. Qf6 Bf2+ 56. Kf1 1-0

[Event "Hannover Bezirks op"]
[Site "Hannover"]
[Date "2018.03.17"]
[Round "4.11"]
[White "Szymanski, Andreas"]
[Black "Lick, Helmut"]
[Result "1-0"]
[WhiteElo "1381"]
[BlackElo "1593"]
[PlyCount "47"]
[EventDate "2018.01.27"]
[EventType "swiss"]
[EventRounds "7"]
[EventCountry "GER"]
[SourceTitle "EXT 2022"]
[Source "ChessBase"]
[SourceDate "2021.10.06"]
[SourceVersion "1"]
[SourceVersionDate "2021.10.06"]
[SourceQuality "1"]

1. e4 c5 2. Nf3 d6 3. Bb5+ Bd7 4. Bxd7+ Qxd7 5. 0-0 Nf6 6. Re1 e5 7. c3 Qc7 8. d4 Nc6 9. d5 Ne7 10. Bg5 Ng6 11. Bxf6 gxf6 12. Nbd2 Qd7 13. Qc2 h5 14. Nc4 Bh6 15. Ne3 Bxe3 16. fxe3 Qg4 17. Rf1 h4 18. h3 Qd7 19. Nh2 0-0-0 20. Rxf6 Qe7 21. Ng4 Rdf8 22. Raf1 Rh7 23. Qf2 Nh8 24. Qf5+ 1-0

[Event "Hannover Bezirks op"]
[Site "Hannover"]
[Date "2018.03.03"]
[Round "3.9"]
[White "Mumm, Karen"]
[Black "Szymanski, Andreas"]
[Result "0-1"]
[WhiteElo "1668"]
[BlackElo "1381"]
[PlyCount "112"]
[EventDate "2018.01.27"]
[EventType "swiss"]
[EventRounds "7"]
[EventCountry "GER"]
[SourceTitle "EXT 2022"]
[Source "ChessBase"]
[SourceDate "2021.10.06"]
[SourceVersion "1"]
[SourceVersionDate "2021.10.06"]
[SourceQuality "1"]

1. e4 c5 2. Nf3 e6 3. d4 cxd4 4. Nxd4 Nf6 5. Bd3 Nc6 6. Be3 Bb4+ 7. c3 Ba5 8. 0-0 d5 9. exd5 Nxd5 10. Nxc6 bxc6 11. Bd2 Bb6 12. c4 Nf6 13. Bg5 h6 14. Bh4 Qd4 15. Bxf6 Qxf6 16. Nc3 Bb7 17. Ne4 Qd4 18. b4 Rd8 19. c5 Bc7 20. Qa4 Qxd3 21. Qxa7 Qa6 22. Qxa6 Bxa6 23. Rfd1 Ke7 24. Rd2 Rxd2 25. Nxd2 Rd8 26. Nf1 f5 27. a4 g5 28. Re1 Rd4 29. Ne3 Kf6 30. Nc2 Rd2 31. Na3 Ra2 32. b5 cxb5 33. Nxb5 Bxb5 34. axb5 Rc2 35. b6 Bb8 36. Rb1 Rxc5 37. g3 h5 38. Kg2 g4 39. Rb2 Kg5 40. b7 h4 41. Kf1 hxg3 42. hxg3 e5 43. Ke2 f4 44. Kd3 Kf5 45. gxf4 exf4 46. Kd4 Re5 47. Kd3 Kg5 48. Kd4 Re7 49. Kd5 f3 50. Rb5 Kh4 51. Kc6 Re2 52. Kd7 Rxf2 53. Kc8 Bh2 54. b8Q Bxb8 55. Rxb8 Re2 56. Kd7 Kg3 0-1

[Event "Niedersachsen-ch op B"]
[Site "Verden"]
[Date "2018.01.07"]
[Round "7"]
[White "Szymanski, Andreas"]
[Black "Maul, Maik Joel"]
[Result "0-1"]
[WhiteElo "1421"]
[BlackElo "1465"]
[PlyCount "76"]
[EventDate "2018.01.04"]
[EventType "swiss"]
[EventRounds "7"]
[EventCountry "GER"]
[SourceTitle "EXT 2022"]
[Source "ChessBase"]
[SourceDate "2021.10.06"]
[SourceVersion "1"]
[SourceVersionDate "2021.10.06"]
[SourceQuality "1"]

1. e4 d5 2. exd5 Qxd5 3. Nc3 Qa5 4. Nf3 Nf6 5. d4 Bg4 6. Bd2 Qb6 7. Na4 Qd6 8. Be2 Nc6 9. c3 0-0-0 10. 0-0 e5 11. Be3 Bxf3 12. Bxf3 exd4 13. cxd4 Nxd4 14. Bxd4 Qxd4 15. Qb3 Qb4 16. Qxb4 Bxb4 17. a3 Bd6 18. Nc3 Rhe8 19. Nb5 Bc5 20. b4 Bb6 21. Rac1 a6 22. Nc3 Nd7 23. Nd5 f5 24. Bd1 Re5 25. Bb3 c6 26. Kh1 Rde8 27. a4 Bxf2 28. h3 Re1 29. Nf4 Rxc1 30. Rxc1 Be3 31. Re1 Re4 32. Nd3 Bd2 33. Rxe4 fxe4 34. Nf2 e3 35. Nd3 e2 36. Kg1 Ne5 37. Kf2 Nxd3+ 38. Kxe2 Nc1+ 0-1

[Event "Niedersachsen-ch op B"]
[Site "Verden"]
[Date "2018.01.05"]
[Round "4"]
[White "Szymanski, Andreas"]
[Black "Stelljes, Fabian"]
[Result "0-1"]
[WhiteElo "1421"]
[BlackElo "1542"]
[PlyCount "66"]
[EventDate "2018.01.04"]
[EventType "swiss"]
[EventRounds "7"]
[EventCountry "GER"]
[SourceTitle "EXT 2022"]
[Source "ChessBase"]
[SourceDate "2021.10.06"]
[SourceVersion "1"]
[SourceVersionDate "2021.10.06"]
[SourceQuality "1"]

1. e4 e5 2. Nf3 Nc6 3. Bc4 Bc5 4. 0-0 Nf6 5. d4 Bxd4 6. Nxd4 Nxd4 7. Bg5 d6 8. Nc3 c6 9. a4 0-0 10. f3 h6 11. Bh4 Be6 12. Bd3 Qb6 13. Bf2 c5 14. b3 Rac8 15. Ne2 Qd8 16. c4 Nh5 17. Nxd4 cxd4 18. Be1 Qg5 19. Bd2 Nf4 20. Bxf4 Qxf4 21. Qc1 Qxc1 22. Raxc1 g6 23. b4 f5 24. f4 b6 25. h4 Kg7 26. Rf2 Rf7 27. g3 Rcf8 28. Rcf1 fxe4 29. Bxe4 Bxc4 30. Rc1 d5 31. Bb1 exf4 32. gxf4 Rxf4 33. Rxf4 Rxf4 0-1

[Event "Hannover Bezirk-ch A"]
[Site "Lehrte"]
[Date "2017.10.31"]
[Round "7.2"]
[White "Schwarz, Juergen"]
[Black "Szymanski, Andreas"]
[Result "1-0"]
[WhiteElo "1473"]
[BlackElo "1350"]
[PlyCount "99"]
[EventDate "2017.10.??"]
[EventType "swiss"]
[EventRounds "7"]
[EventCountry "GER"]
[SourceTitle "EXT 2022"]
[Source "ChessBase"]
[SourceDate "2021.10.06"]
[SourceVersion "1"]
[SourceVersionDate "2021.10.06"]
[SourceQuality "1"]

1. d4 Nf6 2. c4 g6 3. Nc3 Bg7 4. e3 d6 5. h3 0-0 6. Nf3 Nc6 7. a3 e5 8. d5 Ne7 9. e4 Nd7 10. Ng5 h6 11. Nf3 a5 12. Be2 f5 13. Qc2 Nf6 14. Nh4 f4 15. Bd2 g5 16. Nf3 Rf7 17. Nh2 h5 18. Qd1 Bf8 19. Bxh5 Rg7 20. Bf3 Ng6 21. Ng4 Be7 22. Nxf6+ Bxf6 23. Bg4 Kf7 24. Qe2 b6 25. 0-0-0 Nf8 26. Bh5+ Ke7 27. Kb1 Nd7 28. Rc1 Ba6 29. Nb5 Nc5 30. Ka2 a4 31. Bc3 Nb3 32. Rcd1 Bc8 33. g3 Bd7 34. gxf4 gxf4 35. Rdg1 Rxg1 36. Rxg1 Bxh3 37. Bg4 Bxg4 38. Qxg4 Nc5 39. Bb4 Qd7 40. Bxc5 bxc5 41. Qg6 Rh8 42. Na7 Qh3 43. Nc6+ Kd7 44. Qxf6 Kc8 45. Qe6+ Kb7 46. Qxh3 Rxh3 47. Kb1 Rh2 48. Rf1 Rh3 49. Kc2 Rf3 50. Kd2 1-0

[Event "Hannover Bezirk-ch A"]
[Site "Lehrte"]
[Date "2017.10.29"]
[Round "4.1"]
[White "Stieber, Daniela"]
[Black "Szymanski, Andreas"]
[Result "0-1"]
[WhiteElo "1441"]
[BlackElo "1350"]
[PlyCount "36"]
[EventDate "2017.10.??"]
[EventType "swiss"]
[EventRounds "7"]
[EventCountry "GER"]
[SourceTitle "EXT 2022"]
[Source "ChessBase"]
[SourceDate "2021.10.06"]
[SourceVersion "1"]
[SourceVersionDate "2021.10.06"]
[SourceQuality "1"]

1. d4 Nf6 2. Nf3 g6 3. c4 d6 4. Nc3 Bg7 5. e3 0-0 6. Bd3 Nbd7 7. b3 Nh5 8. Bb2 e5 9. dxe5 dxe5 10. Be2 f5 11. Qc2 c6 12. 0-0-0 Qa5 13. Kb1 Nhf6 14. Na4 Ne4 15. Bd3 b5 16. Nc3 Nxc3+ 17. Bxc3 b4 18. Bxe5 Nxe5 0-1

[Event "Hannover Bezirk-ch A"]
[Site "Lehrte"]
[Date "2017.10.29"]
[Round "3.2"]
[White "Szymanski, Andreas"]
[Black "Daehn, Patrick"]
[Result "1/2-1/2"]
[WhiteElo "1350"]
[BlackElo "1406"]
[PlyCount "36"]
[EventDate "2017.10.??"]
[EventType "swiss"]
[EventRounds "7"]
[EventCountry "GER"]
[SourceTitle "EXT 2022"]
[Source "ChessBase"]
[SourceDate "2021.10.06"]
[SourceVersion "1"]
[SourceVersionDate "2021.10.06"]
[SourceQuality "1"]

1. c4 e5 2. Nc3 Bc5 3. g3 f5 4. d3 Nf6 5. Bg2 c6 6. Nf3 d6 7. e3 Be6 8. 0-0 Nbd7 9. a3 0-0 10. b4 Bb6 11. Bb2 Ng4 12. Qd2 f4 13. Rfe1 fxe3 14. fxe3 Ndf6 15. Na4 Nxe3 16. Rxe3 Ng4 17. Nxb6 Qxb6 18. Rae1 Nxe3 1/2-1/2

[Event "Langenhagen-ch op"]
[Site "Langenhagen"]
[Date "2017.09.09"]
[Round "5"]
[White "Szymanski, Andreas"]
[Black "Braun, Alexander"]
[Result "0-1"]
[WhiteElo "1244"]
[BlackElo "1646"]
[PlyCount "58"]
[EventDate "2017.06.10"]
[EventType "swiss"]
[EventRounds "7"]
[EventCountry "GER"]
[SourceTitle "EXT 2022"]
[Source "ChessBase"]
[SourceDate "2021.10.06"]
[SourceVersion "1"]
[SourceVersionDate "2021.10.06"]
[SourceQuality "1"]

1. d4 Nf6 2. c4 e5 3. dxe5 Ng4 4. Nf3 Bc5 5. e3 Nc6 6. Nc3 Ngxe5 7. Be2 d6 8. 0-0 0-0 9. a3 a5 10. b3 Re8 11. Bb2 Nxf3+ 12. Bxf3 Ne5 13. Be2 Qh4 14. Qd5 Be6 15. Qe4 Ng4 16. h3 f5 17. Qc2 Nxf2 18. Nd1 Nxh3+ 19. gxh3 Qg3+ 20. Kh1 Qxh3+ 21. Kg1 Bxe3+ 22. Nxe3 Qxe3+ 23. Rf2 a4 24. b4 d5 25. Kf1 f4 26. Bd3 Bh3+ 27. Kg1 Qg3+ 28. Kh1 Qh4 29. Rh2 Re1+ 0-1

[Event "Regionalliga NW 1617"]
[Site "Bayern"]
[Date "2016.12.04"]
[Round "3.7"]
[White "Roth, Jakob"]
[Black "Szymanski, Andreas"]
[Result "1-0"]
[WhiteElo "1834"]
[BlackElo "1584"]
[PlyCount "65"]
[EventDate "2016.10.16"]
[EventType "team-tourn"]
[EventRounds "9"]
[EventCountry "GER"]
[SourceTitle "EXT 2019"]
[Source "ChessBase"]
[SourceDate "2018.10.10"]
[SourceVersion "1"]
[SourceVersionDate "2018.10.10"]
[SourceQuality "1"]
[WhiteTeam "Stetten"]
[BlackTeam "Prichsenstadt"]
[WhiteTeamCountry "GER"]
[BlackTeamCountry "GER"]

1. d4 d6 2. c4 Nf6 3. Nc3 c6 4. e4 Qa5 5. Bd2 Qb6 6. Nge2 e5 7. Qc2 exd4 8. Na4 Qc7 9. Nxd4 Nbd7 10. Be2 Be7 11. Nf5 Bf8 12. 0-0 Ne5 13. Nd4 Be7 14. f4 Ng6 15. Nc3 Bd7 16. Rad1 Bg4 17. Bxg4 Nxg4 18. h3 Qb6 19. Bc1 Bf6 20. Qd3 Nh6 21. Be3 0-0 22. Ne6 Qxb2 23. Nxf8 Nxf8 24. Bd4 Bxd4+ 25. Qxd4 f6 26. Rb1 Ne6 27. Rxb2 Nxd4 28. Rxb7 Nf7 29. Rfb1 g5 30. Rb8+ Rxb8 31. Rxb8+ Kg7 32. g3 h5 33. Rb7 1-0

[Event "Regionalliga NW 1617"]
[Site "Bayern"]
[Date "2016.10.16"]
[Round "1.6"]
[White "Szymanski, Andreas"]
[Black "Zoeller, Bernd"]
[Result "0-1"]
[WhiteElo "1584"]
[BlackElo "1936"]
[PlyCount "94"]
[EventDate "2016.10.16"]
[EventType "team-tourn"]
[EventRounds "9"]
[EventCountry "GER"]
[SourceTitle "EXT 2019"]
[Source "ChessBase"]
[SourceDate "2018.10.10"]
[SourceVersion "1"]
[SourceVersionDate "2018.10.10"]
[SourceQuality "1"]
[WhiteTeam "Prichsenstadt"]
[BlackTeam "Klingenberg/Main"]
[WhiteTeamCountry "GER"]
[BlackTeamCountry "GER"]

1. e4 c6 2. d4 d5 3. Bd3 dxe4 4. Bxe4 Nf6 5. Bf3 Bf5 6. Be3 e6 7. Ne2 Bd6 8. Nbc3 Qc7 9. Ng3 Bg6 10. Nce4 Be7 11. Nxf6+ Bxf6 12. Ne4 Be7 13. Qe2 Nd7 14. c4 Qa5+ 15. Bd2 Qb6 16. Bc3 Nf6 17. 0-0 0-0 18. b3 Rfd8 19. Rad1 Rd7 20. d5 Nxe4 21. Bxe4 Bxe4 22. Qxe4 cxd5 23. cxd5 Rad8 24. Rfe1 Rxd5 25. Rxd5 Rxd5 26. g3 Qc6 27. Be5 h6 28. Qg4 Bf8 29. Bf4 Kh7 30. Be3 a6 31. Rc1 Qd7 32. h4 Ba3 33. Rc4 Rd1+ 34. Kh2 Qd5 35. Qe4+ Qxe4 36. Rxe4 b5 37. Rd4 Rxd4 38. Bxd4 h5 39. Kg2 Bd6 40. Kf3 e5 41. Be3 f5 42. Bd2 Kg6 43. Bg5 Kf7 44. Bd2 Ke6 45. Ke2 Kd5 46. f4 exf4 47. gxf4 Ke4 0-1

[Event "Hannover-chC"]
[Site "Lehrte"]
[Date "2016.10.04"]
[Round "7"]
[White "Szymanski, Andreas"]
[Black "Mumm, Karen"]
[Result "0-1"]
[WhiteElo "1275"]
[BlackElo "1623"]
[PlyCount "62"]
[EventDate "2016.10.01"]
[EventType "swiss"]
[EventRounds "7"]
[EventCountry "GER"]
[SourceTitle "EXT 2020"]
[Source "ChessBase"]
[SourceDate "2019.10.17"]
[SourceVersion "1"]
[SourceVersionDate "2019.10.17"]
[SourceQuality "1"]

1. d4 Nf6 2. c4 g6 3. Nf3 Bg7 4. Nc3 0-0 5. e4 d6 6. Be2 e5 7. d5 a5 8. 0-0 Na6 9. Re1 Nc5 10. Bf1 Bd7 11. b3 c6 12. Ba3 cxd5 13. cxd5 b6 14. Nd2 Nh5 15. Bb5 Nf4 16. Bxd7 Qxd7 17. Bxc5 bxc5 18. a4 f5 19. Nb5 fxe4 20. Nxe4 Ra6 21. Rc1 Bh6 22. Rxc5 dxc5 23. Nxc5 Qf7 24. Nxa6 Nh3+ 25. gxh3 Qxf2+ 26. Kh1 Bf4 27. Re2 Qf3+ 28. Kg1 Be3+ 29. Rxe3 Qxd1+ 30. Kg2 Qf1+ 31. Kg3 Qf4+ 0-1

[Event "Hannover-chC"]
[Site "Lehrte"]
[Date "2016.10.02"]
[Round "4"]
[White "Szymanski, Andreas"]
[Black "Schramm, Christian1"]
[Result "1/2-1/2"]
[WhiteElo "1275"]
[BlackElo "1453"]
[PlyCount "90"]
[EventDate "2016.10.01"]
[EventType "swiss"]
[EventRounds "7"]
[EventCountry "GER"]
[SourceTitle "EXT 2020"]
[Source "ChessBase"]
[SourceDate "2019.10.17"]
[SourceVersion "1"]
[SourceVersionDate "2019.10.17"]
[SourceQuality "1"]

1. d4 d5 2. Nf3 Nf6 3. Bf4 e6 4. h3 c5 5. c3 Nc6 6. e3 a6 7. Nbd2 cxd4 8. cxd4 Qa5 9. a3 Qd8 10. Be2 Bd6 11. Ne5 0-0 12. 0-0 Ne8 13. Rc1 Bd7 14. Ndf3 f6 15. Nd3 Bxf4 16. Nxf4 Nd6 17. Nd2 g5 18. Nd3 Kh8 19. Nc5 Rg8 20. Bd3 Rg7 21. Nxd7 Qxd7 22. Nb3 f5 23. Nc5 Qe8 24. Re1 Nd8 25. Be2 Qg8 26. f3 h5 27. g4 hxg4 28. fxg4 Rh7 29. Kg2 Rh4 30. Nd3 Qh7 31. Rh1 Nc4 32. Rxc4 dxc4 33. Ne5 b5 34. Nf3 Rh6 35. Nxg5 Qg6 36. h4 Nf7 37. Nxf7+ Qxf7 38. g5 Rg8 39. Kf2 Qg6 40. Qg1 Qh7 41. Qg3 Rhg6 42. Qe5+ Qg7 43. Qd6 Qh7 44. Bf3 Qg7 45. Rg1 e5 1/2-1/2

[Event "Daehne Cup Region 15/16 IV"]
[Site "Isernhagen"]
[Date "2016.05.28"]
[Round "1"]
[White "Szymanski, Andreas"]
[Black "Diskin, Semen"]
[Result "1/2-1/2"]
[WhiteElo "1293"]
[BlackElo "1725"]
[PlyCount "69"]
[EventDate "2016.05.28"]
[EventType "k.o."]
[EventCountry "GER"]
[SourceTitle "EXT 2022"]
[Source "ChessBase"]
[SourceDate "2021.10.06"]
[SourceVersion "1"]
[SourceVersionDate "2021.10.06"]
[SourceQuality "1"]

1. d4 d5 2. Nf3 Nc6 3. c4 e6 4. e3 Nf6 5. a3 Be7 6. Nc3 0-0 7. Qc2 Kh8 8. cxd5 exd5 9. Be2 a6 10. 0-0 Bd6 11. Re1 Bg4 12. b4 Ne7 13. Bb2 c6 14. Nh4 Qc7 15. g3 g5 16. Nf3 h6 17. Kg2 Rg8 18. h3 Bf5 19. Bd3 Bxd3 20. Qxd3 g4 21. hxg4 Rxg4 22. Rh1 Bxg3 23. Kf1 Bxf2 24. Ne5 Kg7 25. Kxf2 Rg5 26. Rag1 Rg8 27. Rxg5+ hxg5 28. Rg1 Kf8 29. e4 Ng6 30. Rxg5 Nxe5 31. Rxg8+ Kxg8 32. dxe5 Qxe5 33. Qg3+ Qxg3+ 34. Kxg3 d4 35. Nd1 1/2-1/2